Normal view
MARC view
- Chen, Jia-er
Entry Personal Name
001 - CONTROL NUMBER
- control field: 96464
003 - CONTROL NUMBER IDENTIFIER
- control field: NUST
005 - DATE AND TIME OF LATEST TRANSACTION
- control field: 20220803152939.0
008 - FIXED-LENGTH DATA ELEMENTS
- fixed length control field: 220803|| aca||aabn | a|a d
040 ## - CATALOGING SOURCE
- Original cataloging agency: NUST
- Transcribing agency: NUST
100 ## - HEADING--PERSONAL NAME
- Personal name: Chen, Jia-er
670 ## - SOURCE DATA FOUND
- Source citation: Work cat.: (NUST)175538: Development and applications of free electron lasers /, c1997.
